| 000 | 02028nam a2200277 i 4500 | ||
|---|---|---|---|
| 001 | BRCA_9370 | ||
| 003 | FranzMayer | ||
| 005 | 20240122110804.0 | ||
| 007 | ta | ||
| 008 | 240119t2016 sp aob|fr||||o001 e spa d | ||
| 020 | _a9788415897699 | ||
| 040 |
_a BRCA _bspa _c BRCA _erda |
||
| 050 |
_aHE859 _b.R934 2016 |
||
| 082 |
_2D _aR934 |
||
| 100 | 1 |
_aRuiz Gutiérrez, Ana _eautor _930010 |
|
| 245 |
_aEl Galeón de Manila [1565-1815] _bIntercambios culturales _cAna Ruiz Guitérrez; Coordinación técnica: Miguel Ángel Sorroche Cuerva. |
||
| 250 | _aPrimera edición | ||
| 260 | 3 |
_aMadrid, España _bEditoril Alhulia, S. L. _c2016. |
|
| 300 |
_a375 páginas _bIlustraciones, fotografías, mapas _c23 cm |
||
| 500 | _aPublicación de piezas de la Colección Franz Mayer Páginas: 227, 256, 259,268, 262, 269 y 274. | ||
| 501 | _aUbicación: Ubicación: L59-N5 | ||
| 520 |
_aEl descubrimiento del Pacífico por Vasco Núñez de Balboa en 1513 vino a confirmar la idea de que las tierras a las que se había llegado a finales del siglo XV no eran las de las Indias Orientales. Se alteraba con ello el rumbo de los acontecimientos, al marcar el camino hacia una verdadera conciencia de la realidad tanto física como humana a la que se enfrentaban los contingentes enviados por la Corona española a estos nuevos territorios. _bCuando a finales del siglo pasado se celebraba en 1992 el Quinto Centenario del Descubrimiento de América, se abría un periodo fecundo en oportunidades para ahondar en el conocimiento de aquellos acontecimientos que tuvieron como detonante el contacto cultural entre América y Europa a finales del siglo XV. Sin duda alguna se iniciaba un intenso recorrido en el que nos encontramos inmersos y que tiene como paradas la rememoración centenaria, celebrando o conmemorando, cada uno de ellos. _uhttps://consorcioeditorial.com/es/articles/pdf/25756 |
||
| 521 | _aRecomendado para investigadores y público especializado. | ||
| 650 | 1 |
_aEnsayos _ySiglo XVI-XVII _930011 |
|
| 942 |
_2lcc _cB |
||
| 999 |
_c11082 _d11082 |
||